[Event "Paignton op"]
[Site "Paignton"]
[Date "2019.09.04"]
[Round "6"]
[White "Wheeler, John Francis"]
[Black "Fleri, Matthew"]
[Result "1-0"]
[WhiteElo "2072"]
[BlackElo "1793"]
[PlyCount "59"]
[EventDate "2019.08.31"]
[EventType "swiss"]
[EventRounds "9"]
[EventCountry "ENG"]
[SourceTitle "EXT 2020"]
[Source "ChessBase"]
[SourceDate "2019.10.17"]
[SourceVersion "1"]
[SourceVersionDate "2019.10.17"]
[SourceQuality "1"]

1. d4 d5 2. c4 e6 3. Nc3 Nf6 4. Bg5 Be7 5. e3 Nbd7 6. Nf3 h6 7. Bh4 0-0 8. Rc1 b6 9. cxd5 exd5 10. Bd3 Bb7 11. 0-0 c5 12. Re1 Ne4 13. Bxe7 Qxe7 14. Bb1 Ndf6 15. Ne5 Rac8 16. f3 Nxc3 17. bxc3 Rfd8 18. Qd3 g6 19. Qd2 Kh7 20. Qf2 Nd7 21. Nd3 Nf8 22. Qg3 Qg5 23. Qf2 Kg7 24. h4 Qf6 25. Qg3 Re8 26. Ne5 h5 27. f4 Qd6 28. Rf1 Nd7 29. Rf2 Nf6 30. Bxg6 1-0

[Event "Torquay op 52nd"]
[Site "Torquay"]
[Date "2018.11.11"]
[Round "5"]
[White "Wheeler, John Francis"]
[Black "Wells, Jonathan C"]
[Result "0-1"]
[WhiteElo "2072"]
[BlackElo "1983"]
[PlyCount "90"]
[EventDate "2018.11.09"]
[EventType "swiss"]
[EventRounds "5"]
[EventCountry "ENG"]
[SourceTitle "EXT 2021"]
[Source "ChessBase"]
[SourceDate "2020.10.23"]
[SourceVersion "1"]
[SourceVersionDate "2020.10.23"]
[SourceQuality "1"]

1. d4 Nf6 2. c4 g6 3. f3 c5 4. d5 b5 5. cxb5 a6 6. b6 d6 7. Nc3 Nbd7 8. e4 Bg7 9. Be2 0-0 10. f4 Nxb6 11. Nf3 e6 12. dxe6 Bxe6 13. 0-0 Re8 14. Ng5 Qe7 15. Nxe6 Qxe6 16. Bf3 Rad8 17. Qb3 Rb8 18. Qxe6 Rxe6 19. f5 Ree8 20. Bf4 Nc4 21. b3 Nh5 22. Bxh5 Bxc3 23. Rac1 Bd4+ 24. Kh1 Ne3 25. Rfe1 gxh5 26. Bxe3 Rxe4 27. Bxd4 Rxd4 28. Rcd1 Rbb4 29. Kg1 Kg7 30. g3 Kf6 31. Rc1 Rd2 32. Ra1 Rbd4 33. Rf1 Rb2 34. Rf2 Rdd2 35. Rxd2 Rxd2 36. a3 Kxf5 37. b4 c4 38. Rf1+ Ke4 39. Rxf7 c3 40. Rf4+ Ke3 41. Rf6 c2 42. Re6+ Kf3 43. Rf6+ Kg4 44. Rf4+ Kg5 45. Rc4 Rd1+ 0-1

[Event "Torquay op 52nd"]
[Site "Torquay"]
[Date "2018.11.09"]
[Round "1"]
[White "Waddington, Mike P"]
[Black "Wheeler, John Francis"]
[Result "1-0"]
[WhiteElo "2080"]
[BlackElo "2072"]
[PlyCount "131"]
[EventDate "2018.11.09"]
[EventType "swiss"]
[EventRounds "5"]
[EventCountry "ENG"]
[SourceTitle "EXT 2021"]
[Source "ChessBase"]
[SourceDate "2020.10.23"]
[SourceVersion "1"]
[SourceVersionDate "2020.10.23"]
[SourceQuality "1"]

1. Nc3 Nf6 2. e4 d6 3. d4 g6 4. Bg5 Bg7 5. Qd2 h6 6. Bh4 c6 7. 0-0-0 Qa5 8. e5 dxe5 9. dxe5 Nd5 10. Nxd5 Qxd2+ 11. Rxd2 cxd5 12. Rxd5 g5 13. Bg3 0-0 14. h4 g4 15. f4 Nc6 16. a3 Be6 17. Rd1 Rfd8 18. Ne2 f6 19. Rxd8+ Rxd8 20. exf6 Bxf6 21. Bf2 b6 22. Ng3 Na5 23. Ne4 Bg7 24. Be2 Nc4 25. Bxc4 Bxc4 26. g3 Be2 27. Re1 Bf3 28. c3 Kf7 29. Nd2 Bb7 30. Kc2 e6 31. Nb3 Bd5 32. Nd4 a6 33. a4 Bxd4 34. Bxd4 b5 35. a5 Rc8 36. Re5 Bf3 37. Kd3 Rc6 38. f5 exf5 39. Rxf5+ Ke7 40. Bc5+ Kd7 41. Kd4 Re6 42. Bf8 Ke8 43. Bg7 Rg6 44. Be5 Ke7 45. Bf4 Rc6 46. Rh5 Rc4+ 47. Kd3 Be4+ 48. Ke3 Bg6 49. Rxh6 Kf7 50. Rh8 Ra4 51. b4 Ra1 52. Ra8 Rd1 53. Ra7+ Kg8 54. Rxa6 Kf7 55. Ke2 Rd5 56. Rb6 Rd7 57. Rd6 Re7+ 58. Kd2 Be4 59. h5 Kg7 60. h6+ Kh7 61. Be3 Rf7 62. a6 Rf3 63. Rd7+ Kg8 64. Rg7+ Kf8 65. Rxg4 Bh7 66. a7 1-0

[Event "Torquay Paignton op"]
[Site "Torquay"]
[Date "2018.09.03"]
[Round "2"]
[White "Wheeler, John Francis"]
[Black "Fernandez, Michael"]
[Result "1-0"]
[WhiteElo "2066"]
[BlackElo "2194"]
[PlyCount "65"]
[EventDate "2018.09.02"]
[EventType "swiss"]
[EventRounds "7"]
[EventCountry "ENG"]
[SourceTitle "CBM 186 Extra"]
[Source "ChessBase"]
[SourceDate "2018.08.24"]
[SourceVersion "1"]
[SourceVersionDate "2018.08.24"]
[SourceQuality "1"]

1. d4 d5 2. c4 c6 3. cxd5 cxd5 4. Bf4 Nc6 5. e3 Nf6 6. Nc3 a6 7. Bd3 g6 8. Nge2 Bg7 9. 0-0 h6 10. h3 0-0 11. Rc1 Bd7 12. Bh2 Re8 13. f4 Rc8 14. Kh1 Na5 15. b3 b5 16. Ng1 b4 17. Nce2 Qb6 18. Nf3 Bb5 19. Ne5 Nb7 20. f5 g5 21. Qd2 a5 22. Rxc8 Rxc8 23. Rc1 Rxc1+ 24. Nxc1 Nd6 25. g4 Nfe4 26. Qc2 Nc3 27. Ne2 Nde4 28. Bxe4 Bxe2 29. Bxd5 Bd1 30. Qg2 Bxe5 31. Bxe5 Qd8 32. Bc4 a4 33. Qc6 1-0

[Event "Torquay Paignton op"]
[Site "Torquay"]
[Date "2018.09.02"]
[Round "1"]
[White "Gardiner, Eric D"]
[Black "Wheeler, John Francis"]
[Result "0-1"]
[WhiteElo "1925"]
[BlackElo "2066"]
[PlyCount "106"]
[EventDate "2018.09.02"]
[EventType "swiss"]
[EventRounds "7"]
[EventCountry "ENG"]
[SourceTitle "CBM 186 Extra"]
[Source "ChessBase"]
[SourceDate "2018.08.24"]
[SourceVersion "1"]
[SourceVersionDate "2018.08.24"]
[SourceQuality "1"]

1. d4 Nf6 2. Bg5 e6 3. e4 Be7 4. Nd2 d6 5. Ngf3 Nbd7 6. Bd3 e5 7. c3 c6 8. h3 Qc7 9. Qe2 Nf8 10. dxe5 dxe5 11. Nc4 Ng6 12. Nh4 Nxh4 13. Bxh4 Be6 14. Bg3 Nd7 15. 0-0 0-0 16. b4 f6 17. a3 Nb6 18. Nxb6 Qxb6 19. Bc4 Bf7 20. Rfd1 Rfd8 21. Qa2 Bxc4 22. Qxc4+ Kf8 23. Qe6 a5 24. Qf5 g6 25. Qf3 Kg7 26. Rxd8 Rxd8 27. Rd1 axb4 28. cxb4 Rd4 29. Rxd4 Qxd4 30. Kh2 c5 31. bxc5 Bxc5 32. Bh4 Be7 33. Qb3 Qxe4 34. Qe6 Kf8 35. Bg3 Qc6 36. Qb3 b5 37. Qe3 Qc5 38. Qh6+ Kg8 39. f4 e4 40. f5 Qxf5 41. Qe3 Qd5 42. Qa7 Kf7 43. Qa5 g5 44. a4 f5 45. Qxb5 Qxb5 46. axb5 Bc5 47. Be1 Bb6 48. g3 Ke6 49. Kg2 Kd5 50. Bd2 e3 51. Bc1 Ke4 52. h4 gxh4 53. gxh4 f4 0-1

[Event "Torquay op 50th"]
[Site "Torquay"]
[Date "2016.11.13"]
[Round "5"]
[White "Cordner, David A"]
[Black "Wheeler, John Francis"]
[Result "1/2-1/2"]
[WhiteElo "1980"]
[BlackElo "2091"]
[PlyCount "66"]
[EventDate "2016.11.10"]
[EventType "swiss"]
[EventRounds "5"]
[EventCountry "ENG"]
[SourceTitle "EXT 2022"]
[Source "ChessBase"]
[SourceDate "2021.10.06"]
[SourceVersion "1"]
[SourceVersionDate "2021.10.06"]
[SourceQuality "1"]

1. d4 d5 2. c4 e6 3. Nc3 Nf6 4. Bg5 c6 5. e3 Nbd7 6. Nf3 Qa5 7. Bxf6 Nxf6 8. Bd3 Bb4 9. Qb3 dxc4 10. Bxc4 0-0 11. 0-0 c5 12. a3 Bxc3 13. bxc3 a6 14. Ne5 b5 15. Be2 c4 16. Qb4 Qc7 17. Bf3 Nd5 18. Bxd5 exd5 19. a4 f6 20. Nf3 Bd7 21. a5 Bg4 22. Nd2 Rae8 23. e4 dxe4 24. Nxe4 Rxe4 25. f3 Bxf3 26. Rxf3 Rfe8 27. Raf1 Re1 28. Rxe1 Rxe1+ 29. Kf2 Re8 30. h3 Qe7 31. Qxe7 Rxe7 32. Rf5 Kf7 33. Rc5 Rb7 1/2-1/2

[Event "Torquay op 50th"]
[Site "Torquay"]
[Date "2016.11.13"]
[Round "4"]
[White "Wheeler, John Francis"]
[Black "Gregory, Keith D"]
[Result "1/2-1/2"]
[WhiteElo "2091"]
[BlackElo "1995"]
[PlyCount "125"]
[EventDate "2016.11.10"]
[EventType "swiss"]
[EventRounds "5"]
[EventCountry "ENG"]
[SourceTitle "EXT 2022"]
[Source "ChessBase"]
[SourceDate "2021.10.06"]
[SourceVersion "1"]
[SourceVersionDate "2021.10.06"]
[SourceQuality "1"]

1. d4 d6 2. e4 Nf6 3. Nc3 Nbd7 4. Nf3 e5 5. Bc4 h6 6. dxe5 dxe5 7. Bxf7+ Kxf7 8. Nxe5+ Kg8 9. Ng6 Rh7 10. 0-0 Qe8 11. Nf4 c6 12. Re1 Ne5 13. Nd3 g5 14. Be3 Bd6 15. Bd4 Rf7 16. f3 b6 17. Nxe5 Bxe5 18. Bxe5 Qxe5 19. Qe2 Be6 20. Rad1 Raf8 21. Qd3 Ne8 22. Qd4 Qxd4+ 23. Rxd4 Re7 24. b3 Rff7 25. Rd8 Kf8 26. e5 Bf5 27. Re2 Re6 28. Ra8 Rd7 29. Kf2 Kf7 30. a4 Ng7 31. a5 Re8 32. Rxe8 Kxe8 33. axb6 axb6 34. Na4 b5 35. Nc5 Rd5 36. Nb7 Ke7 37. c4 bxc4 38. bxc4 Rd7 39. Na5 Rc7 40. Rd2 Ne8 41. g3 Bd7 42. Nb3 Be6 43. Na5 Bd7 44. Nb3 Ra7 45. Nc5 Bc8 46. Ne4 Be6 47. Nd6 Ng7 48. Rb2 Nf5 49. c5 Nd4 50. g4 Nb3 51. Rc2 Ra5 52. Nf5+ Bxf5 53. gxf5 Rxc5 54. Rxc5 Nxc5 55. Ke3 Nd7 56. Kd4 c5+ 57. Kd5 c4 58. f6+ Nxf6+ 59. exf6+ Kxf6 60. Kxc4 Kf5 61. Kd3 Kf4 62. Ke2 h5 63. Kf2 1/2-1/2

[Event "Torquay op 50th"]
[Site "Torquay"]
[Date "2016.11.11"]
[Round "1"]
[White "Menadue, Jeremy FS"]
[Black "Wheeler, John Francis"]
[Result "1-0"]
[WhiteElo "2050"]
[BlackElo "2091"]
[PlyCount "57"]
[EventDate "2016.11.10"]
[EventType "swiss"]
[EventRounds "5"]
[EventCountry "ENG"]
[SourceTitle "EXT 2022"]
[Source "ChessBase"]
[SourceDate "2021.10.06"]
[SourceVersion "1"]
[SourceVersionDate "2021.10.06"]
[SourceQuality "1"]

1. d4 d5 2. Bg5 h6 3. Bh4 c6 4. Nf3 Qb6 5. Nbd2 Bf5 6. b3 Nd7 7. e3 e6 8. Be2 Ngf6 9. 0-0 Ba3 10. Rb1 Bb4 11. a4 0-0 12. Kh1 Rac8 13. Bd3 Ne4 14. Bxe4 dxe4 15. Nc4 Qa6 16. Nfe5 Nxe5 17. dxe5 f6 18. exf6 gxf6 19. Qh5 Kg7 20. Rfd1 Rc7 21. Bg3 Rcf7 22. Bf4 Rh8 23. Ne5 Re7 24. g4 fxe5 25. Bxe5+ Kh7 26. gxf5 Rg8 27. Rd8 Rgg7 28. Qg6+ Rxg6 29. Rh8# 1-0

[Event "Torquay op 48th"]
[Site "Torquay"]
[Date "2014.11.15"]
[Round "2"]
[White "Fairbairn, Stephen"]
[Black "Wheeler, John Francis"]
[Result "1/2-1/2"]
[WhiteElo "2049"]
[BlackElo "2117"]
[PlyCount "68"]
[EventDate "2014.11.14"]
[EventType "swiss"]
[EventRounds "5"]
[EventCountry "ENG"]
[SourceTitle "EXT 2022"]
[Source "ChessBase"]
[SourceDate "2021.10.06"]
[SourceVersion "1"]
[SourceVersionDate "2021.10.06"]
[SourceQuality "1"]

1. g3 Nf6 2. Bg2 g6 3. d3 Bg7 4. Nc3 0-0 5. e4 d6 6. Nh3 e5 7. 0-0 Nc6 8. f4 Bg4 9. Qe1 Qd7 10. Nf2 Be6 11. Be3 Nd4 12. Bxd4 exd4 13. Ne2 c5 14. h3 d5 15. e5 Ne8 16. Qd2 f6 17. exf6 Nxf6 18. Kh2 Rae8 19. Rae1 Re7 20. Ng1 Qd6 21. Nf3 Rfe8 22. Re2 Bc8 23. Rfe1 Rxe2 24. Rxe2 Rxe2 25. Qxe2 Qe6 26. Qxe6+ Bxe6 27. Ng5 Bc8 28. Kg1 Kf8 29. Ng4 Bxg4 30. hxg4 Ke7 31. Bf3 b5 32. Kf2 a5 33. Nh3 Kd6 34. g5 Ng8 1/2-1/2

[Event "WchT Seniors 65"]
[Site "Vilnius"]
[Date "2014.07.17"]
[Round "5.3"]
[White "Wheeler, John Francis"]
[Black "Karasev, Vladimir I"]
[Result "1/2-1/2"]
[WhiteElo "2121"]
[BlackElo "2367"]
[PlyCount "121"]
[EventDate "2014.07.13"]
[EventType "team-swiss"]
[EventRounds "9"]
[EventCountry "LTU"]
[SourceTitle "CBM 161 Extra"]
[Source "ChessBase"]
[SourceDate "2014.08.29"]
[SourceVersion "1"]
[SourceVersionDate "2014.08.29"]
[SourceQuality "1"]
[WhiteTeam "England"]
[BlackTeam "St Petersburg"]
[WhiteTeamCountry "ENG"]
[BlackTeamCountry "RUS"]

1. d4 Nf6 2. c4 e6 3. Nf3 Bb4+ 4. Nc3 0-0 5. Bg5 h6 6. Bh4 c5 7. e3 cxd4 8. exd4 Qa5 9. Qc2 Ne4 10. Rc1 d5 11. Bd3 Nc6 12. 0-0 Nxc3 13. bxc3 Ba3 14. Rb1 dxc4 15. Bxc4 Qc7 16. Rfe1 Bd6 17. Bg3 Ne7 18. Bxd6 Qxd6 19. Ne5 Nd5 20. Qd2 b6 21. Bd3 Bb7 22. Be4 Qc7 23. c4 Nf6 24. Bxb7 Qxb7 25. a4 Rfd8 26. a5 Qc7 27. Rb5 Qd6 28. h3 Qxd4 29. Qxd4 Rxd4 30. axb6 axb6 31. Rxb6 Nd7 32. Nxd7 Rxd7 33. c5 Rc8 34. Rc1 Kf8 35. h4 Ke7 36. g3 Rcc7 37. Kg2 Rd5 38. Rb5 g5 39. hxg5 hxg5 40. g4 Kf6 41. Ra5 Rd4 42. Kg3 Rd3+ 43. Kg2 Rd5 44. Kg3 Rc6 45. Rc2 Kg6 46. Kg2 f5 47. gxf5+ exf5 48. Kg3 Kh5 49. Rc1 Rd3+ 50. Kg2 g4 51. Ra8 Kg5 52. Rg8+ Kf6 53. Rf8+ Kg6 54. Rg8+ Kf7 55. Ra8 Rd5 56. Ra5 Kf6 57. Kg3 Kg5 58. Kg2 f4 59. Ra8 Re5 60. Rg8+ Kf5 61. Rf8+ 1/2-1/2

[Event "WchT Seniors 65"]
[Site "Vilnius"]
[Date "2014.07.15"]
[Round "3.2"]
[White "Wheeler, John Francis"]
[Black "Sakovich, Igor"]
[Result "1/2-1/2"]
[WhiteElo "2121"]
[BlackElo "2181"]
[PlyCount "81"]
[EventDate "2014.07.13"]
[EventType "team-swiss"]
[EventRounds "9"]
[EventCountry "LTU"]
[SourceTitle "CBM 161 Extra"]
[Source "ChessBase"]
[SourceDate "2014.08.29"]
[SourceVersion "1"]
[SourceVersionDate "2014.08.29"]
[SourceQuality "1"]
[WhiteTeam "England"]
[BlackTeam "Latvia"]
[WhiteTeamCountry "ENG"]
[BlackTeamCountry "LAT"]

1. d4 Nf6 2. c4 c5 3. d5 e5 4. Nc3 d6 5. e4 Nbd7 6. Bd3 Be7 7. Be3 Nf8 8. f3 Ng6 9. Nge2 h6 10. Qd2 Nh7 11. 0-0 Bg5 12. a3 Bxe3+ 13. Qxe3 0-0 14. b4 b6 15. bxc5 bxc5 16. Rab1 Ba6 17. Rb3 Rb8 18. Rfb1 Qc7 19. Qc1 Nf6 20. a4 Rxb3 21. Rxb3 Rb8 22. Nb5 Bxb5 23. axb5 Nd7 24. Ra3 Nb6 25. Qa1 Rb7 26. Nc3 Ne7 27. Bf1 Nec8 28. Qa2 g6 29. g3 Ne7 30. Bh3 Kh7 31. Nd1 Ng8 32. Ne3 Qe7 33. Kf2 Nf6 34. Ke2 Ne8 35. Kd3 Ng7 36. Qf2 h5 37. Ra1 Qf6 38. Rf1 Kg8 39. Qb2 Qd8 40. f4 exf4 41. Rxf4 1/2-1/2

[Event "Paignton op"]
[Site "Paignton"]
[Date "2012.09.05"]
[Round "4"]
[White "Wheeler, John Francis"]
[Black "Stone, Andrew"]
[Result "1/2-1/2"]
[WhiteElo "2122"]
[BlackElo "2237"]
[PlyCount "53"]
[EventDate "2012.09.02"]
[EventType "swiss"]
[EventRounds "7"]
[EventCountry "ENG"]
[SourceTitle "CBM 150 Extra"]
[Source "ChessBase"]
[SourceDate "2012.10.19"]
[SourceVersion "1"]
[SourceVersionDate "2012.10.19"]
[SourceQuality "1"]

1. d4 e6 2. c4 Nf6 3. Nf3 a6 4. Nc3 c5 5. g3 cxd4 6. Nxd4 Qc7 7. Qd3 Nc6 8. Nxc6 bxc6 9. Bg2 Be7 10. 0-0 0-0 11. b3 Rd8 12. Bb2 d5 13. cxd5 cxd5 14. Rac1 Qa5 15. Na4 Bd7 16. Bc3 Qb5 17. Qe3 Rac8 18. h3 Rc6 19. Bd4 Rdc8 20. Nb6 Rxc1 21. Rxc1 Rxc1+ 22. Qxc1 Qc6 23. Qxc6 Bxc6 24. Bf1 Ne4 25. Nc8 Ba3 26. e3 Bb7 27. Nb6 1/2-1/2

[Event "Paignton Bruce Premier"]
[Site "Paignton"]
[Date "2010.09.08"]
[Round "4"]
[White "Bass, John W"]
[Black "Wheeler, John Francis"]
[Result "1/2-1/2"]
[WhiteElo "2064"]
[BlackElo "2187"]
[PlyCount "58"]
[EventDate "2010.09.05"]
[EventType "swiss"]
[EventRounds "7"]
[EventCountry "ENG"]
[SourceTitle "EXT 2023"]
[Source "ChessBase"]
[SourceDate "2022.10.05"]
[SourceVersion "1"]
[SourceVersionDate "2022.10.05"]
[SourceQuality "1"]

1. d4 d5 2. c4 e6 3. Nc3 Nf6 4. Bg5 c6 5. cxd5 exd5 6. Qc2 Na6 7. a3 Nc7 8. e3 Ne6 9. Bh4 Be7 10. Bd3 g6 11. Nge2 0-0 12. 0-0 Re8 13. f3 c5 14. Bb5 Bd7 15. Bxd7 Qxd7 16. dxc5 g5 17. Bf2 Bxc5 18. Rfd1 Rad8 19. Qf5 Qe7 20. Nb5 h6 21. Nbd4 Nxd4 22. exd4 Bb6 23. Re1 Qe6 24. Qd3 Qd7 25. Ng3 Rxe1+ 26. Rxe1 Re8 27. Rxe8+ Qxe8 28. Nf5 h5 29. Be3 Nh7 1/2-1/2

[Event "Paignton Bruce Premier"]
[Site "Paignton"]
[Date "2010.09.07"]
[Round "3"]
[White "Wheeler, John Francis"]
[Black "Jordan, Dirk"]
[Result "1/2-1/2"]
[WhiteElo "2187"]
[BlackElo "2170"]
[PlyCount "47"]
[EventDate "2010.09.05"]
[EventType "swiss"]
[EventRounds "7"]
[EventCountry "ENG"]
[SourceTitle "EXT 2023"]
[Source "ChessBase"]
[SourceDate "2022.10.05"]
[SourceVersion "1"]
[SourceVersionDate "2022.10.05"]
[SourceQuality "1"]

1. d4 d5 2. c4 c6 3. Nf3 Nf6 4. Nc3 dxc4 5. a4 Na6 6. e4 Bg4 7. Bxc4 e6 8. 0-0 Nb4 9. Be2 Be7 10. Be3 0-0 11. Ne5 Bxe2 12. Qxe2 Rc8 13. Rfd1 Qa5 14. Nc4 Qa6 15. b3 Rfd8 16. a5 Rd7 17. Ra4 Rcd8 18. f3 c5 19. Ne5 Qxe2 20. Nxe2 Rc7 21. Rc1 Na6 22. Rac4 Re8 23. dxc5 Bxc5 24. Bxc5 1/2-1/2

[Event "Paington op"]
[Site "Paington"]
[Date "2009.09.12"]
[Round "7"]
[White "Wheeler, John Francis"]
[Black "Marsh, Roger DW"]
[Result "1/2-1/2"]
[WhiteElo "2149"]
[BlackElo "2074"]
[PlyCount "48"]
[EventDate "2009.09.06"]
[EventType "swiss"]
[EventRounds "7"]
[EventCountry "ENG"]
[SourceTitle "CBM 132 Extra"]
[Source "ChessBase"]
[SourceDate "2009.11.03"]
[SourceVersion "1"]
[SourceVersionDate "2009.11.03"]
[SourceQuality "1"]

1. d4 Nf6 2. c4 e6 3. Nf3 Bb4+ 4. Nc3 c5 5. e3 Nc6 6. Bd3 Bxc3+ 7. bxc3 d6 8. e4 e5 9. d5 Ne7 10. 0-0 0-0 11. Bg5 Ng6 12. Nh4 h6 13. Nxg6 fxg6 14. Bd2 g5 15. f3 Qe7 16. g3 Kh8 17. Rf2 Bd7 18. Qf1 Rf7 19. Qg2 Raf8 20. Raf1 Nh7 21. f4 g6 22. fxe5 Rxf2 23. Rxf2 Rxf2 24. Qxf2 dxe5 1/2-1/2

[Event "Paington op"]
[Site "Paington"]
[Date "2009.09.08"]
[Round "3"]
[White "Wheeler, John Francis"]
[Black "Bolt, Graham"]
[Result "0-1"]
[WhiteElo "2149"]
[BlackElo "2090"]
[PlyCount "74"]
[EventDate "2009.09.06"]
[EventType "swiss"]
[EventRounds "7"]
[EventCountry "ENG"]
[SourceTitle "CBM 132 Extra"]
[Source "ChessBase"]
[SourceDate "2009.11.03"]
[SourceVersion "1"]
[SourceVersionDate "2009.11.03"]
[SourceQuality "1"]

1. d4 g6 2. c4 Bg7 3. Nc3 d6 4. e4 a6 5. Be2 c6 6. Nf3 b5 7. 0-0 Nd7 8. d5 cxd5 9. cxb5 dxe4 10. Ng5 Ngf6 11. Ngxe4 Nxe4 12. Nxe4 axb5 13. Bxb5 0-0 14. Qe2 d5 15. Nc3 d4 16. Ne4 Qb6 17. a4 Ba6 18. Bxa6 Rxa6 19. Bg5 Qe6 20. Rfe1 Re8 21. Qd2 Qc6 22. b4 Rxa4 23. Rxa4 Qxa4 24. Nd6 Rb8 25. Bxe7 Ne5 26. Ne4 Nc6 27. Bd6 Rd8 28. Qf4 d3 29. Ng5 Qa2 30. h3 Nd4 31. Qh4 h5 32. Nxf7 Rc8 33. Ne5 d2 34. Rf1 Ne2+ 35. Kh1 Rc1 36. Nxg6 Rxf1+ 37. Kh2 Rh1+ 0-1